The shorter Cambridge medieval history

Bibliographic Details
Main Author: Orton, Previte (Author)
Format: Book
Published: Cambridge : Cambridge University Press , 1971
Subjects:

MARC

LEADER 00000cam a2200000 7i4500
001 0000006136
005 20030917093000.0
008 021119s1971
020 |a 0521059933 ,   |c set 
090 0 0 |a D135   |b .P7 (j1-2) 
100 0 |a Orton, Previte ,   |e author 
245 1 4 |a The shorter Cambridge medieval history   |c Previte Orton 
260 2 |a Cambridge :   |b Cambridge University Press ,   |c 1971 
300 |a 2 v. :   |b 21 cm 
650 0 |a Middle Ages   |x History 
651 0 |a Europe   |x History 
999 |a 1000007946   |b Book   |c OPEN SHELF (30 DAYS)   |e Gong Badak Campus 
999 |a 1000007947   |b Book   |c OPEN SHELF (30 DAYS)   |e Gong Badak Campus